00940nam0a22002411 4500001001100000005001700011021001900028035002600047100004100073101000800114102000700122105001800129200012000147210004500267215001500312225005800327532013800385601004600523700007000569801001800639801002200657852001900679rc\319423020250530100727.0 aRUb[76-63859] a(NLR Aleph) 007352433 a20120628d1976 |||y0rusy50 ca0 arus aRU ay z |||||1 aБольшевистская партия в период реакции (1907-1910 гг.)fА.Н. Максимов aМоскваcПолитиздатd1976 a87 с.d201 aКонсультации по истории КПСС11aБольшевистская партия в период реакции тысяча девятьсот седьмой -1910 гг.02aКПССxИсторияz1907-19102psbo 1aМаксимовbА.Н.gАлександр Николаевич 0aRUbNLRgpsbo 1aRUbELAR2rusmarc aNLRj77-4/1563